000 00924nam a22002417a 4500
999 _c65283
_d65283
005 20240530110816.0
008 190625s2019 ua f 00| 0|ara d
017 _a2018/20828
_bمصر. دار الكتب
020 _a9789777282574
040 _aEG-CaGPL
_cEG-CaGPL
082 0 4 _221
_a932/
_bق/ح ف
100 0 _aحسن الشريف
245 1 0 _aفرعون الخروج نفركا رع - ست بن رع ومؤمن ال فرعون الكاهن نب مس /
_cحسن الشريف
250 _aط.1
260 _aالقاهرة :
_bدار الحكمة للطباعة و النشر و التوزيع،
_c2019
300 _a163 ص. ؛
_c24 سم.
650 0 7 _2qrmak
_aالحضارة الفرعونية
650 0 7 _2qrmak
_aالاثار الفرعونية
650 0 7 _2qrmak
_aقدماء المصرين
653 0 _aاجدابيا - ليبيا
942 _2ddc
_cBK